| 000 | 00534nam a22001817a 4500 | ||
|---|---|---|---|
| 005 | 20140310183645.0 | ||
| 008 | 140108b xxu||||| |||| 00| 0 eng d | ||
| 020 | _a9780071078788 | ||
| 050 |
_aQA 76.5 _b.Ol4285 2011 |
||
| 100 | _aO'leary, Timothy | ||
| 245 |
_aComputing essentials 2011 : _bmaking IT work for you / _cTimothy O'leary, |
||
| 260 |
_aUnited States : _bMcGraw-Hill Companies Inc., _c2011. |
||
| 300 |
_a514 p. : _bill. ; _c26 cm. |
||
| 521 | _aIT | ||
| 650 | _aComputers | ||
| 942 |
_2lcc _cBK _kFOR |
||
| 999 |
_c25930 _d25930 |
||